| 000 | 01902cam a2200253 4500500 | ||
|---|---|---|---|
| 005 | 20260322002421.0 | ||
| 041 | _afre | ||
| 042 | _adc | ||
| 100 | 1 | 0 |
_aTrenta, Arnaud _eauthor |
| 245 | 0 | 0 | _aReconciling work and caring for a dependent relative: Public and contractual support schemes for employed carers |
| 260 | _c2023. | ||
| 500 | _a18 | ||
| 520 | _aGiven that segmentation of the Moroccan labor market is reflected in particular in the predominance of precarious informal employment among wage-earners, occupational mobility becomes an issue of even greater economic and social importance. Drawing on an original combination of two individual panel datasets (one based on the employment survey conducted by the High Commission for Planning, the other on the household panel of the National Observatory of Human Development), this article analyzes patterns of occupational mobility, in particular transitions between precarious informal employment and jobs providing access to social protection. By examining transitions to and from unemployment and inactivity, the study identifies the factors that hinder such movements: for men, initial entry into precarious employment; for women, the scarcity of accessible decent jobs, which often leads them to withdraw from the labor market and remain inactive. Conversely, higher levels of vocational training facilitate access to decent jobs. | ||
| 690 | _aaccords d’entreprise | ||
| 690 | _aaction publique | ||
| 690 | _aaidants | ||
| 690 | _aaidants salariés | ||
| 690 | _aconciliation vie professionnelle et aide à un proche | ||
| 690 | _adroit du travail | ||
| 690 | _aemploi | ||
| 690 | _arégulations conventionnelles | ||
| 786 | 0 | _nInformations sociales | o 208 | 4 | 2023-05-03 | p. 70-78 | 0046-9459 | |
| 856 | 4 | 1 | _uhttps://shs.cairn.info/journal-informations-sociales-2022-4-page-70?lang=en&redirect-ssocas=7080 |
| 999 |
_c1723233 _d1723233 |
||